Online
Catalog

Catamarca / (Record no. 42611)

MARC details
000 -CABECERA
campo de control de longitud fija 00723nam a2200229 a 4500
001 - NÚMERO DE CONTROL
campo de control 000043122
005 - FECHA Y HORA DE LA ÚLTIMA TRANSACCIÓN
campo de control 20201002040644.0
008 - DATOS DE LONGITUD FIJA--INFORMACIÓN GENERAL
campo de control de longitud fija 140220s1991 ag 000 0 spa d
020 ## - NÚMERO INTERNACIONAL ESTÁNDAR DEL LIBRO
Número Internacional Estándar del Libro 9507421181
040 ## - FUENTE DE LA CATALOGACIÓN
Centro catalogador/agencia de origen DO-SdBNP
Lengua de catalogación spa
Centro/agencia transcriptor BNPHU
082 ## - NÚMERO DE LA CLASIFICACIÓN DECIMAL DEWEY
Número de clasificación 982.064
Número de documento/Ítem M829c
100 1# - ENTRADA PRINCIPAL--NOMBRE DE PERSONA
Nombre de persona Morandini, Norma
9 (RLIN) 70664
245 10 - MENCIÓN DE TÍTULO
Título Catamarca /
Mención de responsabilidad, etc. Norma Morandini.
260 ## - PUBLICACIÓN, DISTRIBUCIÓN, ETC.
Lugar de publicación, distribución, etc. Buenas Aires :
Nombre del editor, distribuidor, etc. Planeta,
Fecha de publicación, distribución, etc. 1991.
300 ## - DESCRIPCIÓN FÍSICA
Extensión 157 p. ;
Dimensiones 23 cm.
490 1# - MENCIÓN DE SERIE
Mención de serie Espejo de la Argentina
490 1# - MENCIÓN DE SERIE
Mención de serie Espejo de la Argentina
600 14 - PUNTO DE ACCESO ADICIONAL DE MATERIA--NOMBRE DE PERSONA
Nombre de persona MORALES, MARIA SOLEDAD
Fechas asociadas al nombre 1973?-1990
Subdivisión general ASESINATO
9 (RLIN) 70665
651 #4 - PUNTO DE ACCESO ADICIONAL DE MATERIA--NOMBRE GEOGRÁFICO
Nombre geográfico Catamarca (Agentina{Rpara}
Subdivisión general Historia
9 (RLIN) 70666
830 #0 - PUNTO DE ACCESO ADICIONAL DE SERIE-TÍTULO UNIFORME
Título uniforme Espejo de la Argentina
9 (RLIN) 69662
910 ## - DATOS DE OPCIÓN DEL USUARIO (OCLC)
Datos de opción del usuario Validado. Control de calidad MFF
Holdings
Estado de retiro Estado de pérdida Restricciones de uso No para préstamo Código de colección Localización permanente Ubicación/localización actual Ubicación en estantería Fecha de adquisición Número de inventario Total de préstamos Signatura topográfica completa Código de barras Fecha visto por última vez Precio válido a partir de Tipo de ítem Koha
      Excluido de préstamo Monografías: Libros y Folletos General General Depósito 20.02.2014 LF1   982.064 M829c 43122-10 25.06.2020 25.06.2020 No se presta

Powered by Koha